000 00460nab a2200145Ia 4500
003 ES-SlBCS
005 20210601133742.0
008 140529s2011 xxu||||| |||| 00| 0 por d
041 _apor
100 1 _aGuimaraes, Iara
_9209244
245 0 2 _aA educaçao escolar na produçao discursiva da revista Veja
_c Iara Guimaraes
650 0 4 _aEducación Escolar
_9209245
773 0 _tEducaçao e Filosofia
_gvol. 25, nº. 49, 2011, págs. 71-98
_wRev1534
942 _cAR
999 _c601554
_d601554